| 000 | 00697nam a2200217 i 4500 | ||
|---|---|---|---|
| 001 | 94856 | ||
| 003 | ES-MaACL | ||
| 005 | 20230906181554.0 | ||
| 007 | t| | ||
| 008 | 050517s1946 sp ||||1| spa d | ||
| 100 | 1 |
_aLozano Morales, Alvaro. _974460 |
|
| 245 | 1 | 0 |
_aTécnicas de lucha antipalúdica / _cDr. Alvaro Lozano Morales; prólogo por el profesor Clavero. |
| 250 | _a1ª ed. | ||
| 260 |
_aBarcelona : _bSalvat, _c1946. |
||
| 300 |
_a170 p., 6 lám. col. : _bil. ; _c22 cm. |
||
| 490 | 1 | _aManuales de medicina práctica | |
| 650 | 4 |
_aPaludismo- _xPrevención. _9156436 |
|
| 830 | 0 |
_aManuales de medicina práctica _9181070 |
|
| 852 |
_aES-MaACL _jE-377 _bR.22258 |
||
| 999 |
_c94856 _d94856 |
||